Lequel des deux ? Duos célèbres de fictions - Statistiques

Statistiques générales
  • Ce quiz a été pris 271 fois
  • Le résultat moyen est 10 sur 15
Statistiques - réponses
Question Réponse % Correct
Où est Walter ?
94%
Où est C-3PO ?
92%
Où est Anna ?
91%
Où est Sulli ?
83%
Où est Bill ?
81%
Où est Gromit ?
80%
Où est l'Agent K ?
66%
Où est Morty ?
65%
Où est Selma ?
63%
Où est Scully ?
62%
Où est Starsky ?
60%
Où est Hardy ?
59%
Où est Dupont ?
57%
Où est Tic ?
51%
Où est Tom ?
41%
Aucun quiz correspondant
Distribution des résultats
% des personnes avec chaque résultat
Percentile par nombre de réponses
Votre historique - résultats
Vous n’avez pas pris ce quiz